00532cam a22001337a 4500008004000000082002600040100002500066245003500091260005100126300004200177440006100219999001900280952009900299180718b1988 xxu||||| |||| 00| 0 eng d aA81x54 In2/81/2/Pt10A aCensus of India 1981 aAndhra Pradesh: town directory aHyderabadbDerector of Census Operationsc1988 a2 Parts. Part A, 276+p.; Part B, 65p. aCensus of India 1981. Series-2, Andhra Pradesh. Part X-A c481926d481926 00104070aIIPAbIIPAd2018-08-04oA81x54 In2/81/2/Pt10ApGG21103r2018-08-04w2018-08-04yGG